000 00292nam a22001337a 4500
008 210225b ||||| |||| 00| 0 eng d
020 _a9780321596321
041 _aeng
080 _22nd
_a53
100 _a43
101 _aFIZ
245 _aCollege Physics
_cKnight ,D.R
942 _2udc
_cBK
999 _c55198
_d55198